| 000 | 02269nam2a2200241 4500 | ||
|---|---|---|---|
| 001 | RU\NLR\BIBL_A\022624630 | ||
| 005 | 20260426071637.0 | ||
| 010 |
_a978-5-00089-758-4 _bч. 2 _9100 |
||
| 021 |
_aRU _bКН-П-25-046366 _9КН-П-25-4499 |
||
| 035 | _a(NLR Aleph) 022624630 | ||
| 090 |
_a13692036 _c13692036 |
||
| 100 | _a20250918d2024 k y0rusy50 ca | ||
| 101 | 0 |
_arus _aeng |
|
| 102 | _aRU | ||
| 105 | _aa z 110yy | ||
| 200 | 0 | _aЧ. 2 | |
| 210 | _d2024 | ||
| 215 |
_a307 с. _cил., табл. |
||
| 461 | 0 |
_1001RU\NLR\BIBL_A\022624621 _12001#$aДеятельность. Способности. Внутренний мир$eсборник материалов всероссийской научной психологической конференции, посвященной 85-летию академика РАО Владимира Дмитриевича Шадрикова, [21-22 ноября 2024 г.]$eв 2-х частях$fМинистерство просвещения Российской Федерации, ФГБОУ ВО "Ярославский государственный педагогический университет им. К. Д. Ушинского" [и др.]$gпод науч. ред. В. А. Мазилова, Ю. Н. Слепко$vЧ. 2 _913538726 _cЯрославль _d2024 _fМинистерство просвещения Российской Федерации, ФГБОУ ВО "Ярославский государственный педагогический университет им. К. Д. Ушинского" [и др.] _nиздано в ФГБОУ ВО "Ярославский государственный педагогический университет им. К. Д. Ушинского" _oсборник материалов всероссийской научной психологической конференции, посвященной 85-летию академика РАО Владимира Дмитриевича Шадрикова, [21-22 ноября 2024 г.] : в 2-х частях _tДеятельность. Способности. Внутренний мир _y978-5-00089-756-0 _vЧ. 2 |
|
| 942 | _cBOOK | ||
| 980 | _aNB | ||